| 000 -CABECERA |
| fixed length control field |
00939nam a22002177a 4500 |
| 003 - IDENTIFICADOR DEL NÚMERO DE CONTROL |
| control field |
AR-CdUCM |
| 008 - DATOS DE LONGITUD FIJA--INFORMACIÓN GENERAL |
| fixed length control field |
190401b ||||| |||| 00| 0 spa d |
| 040 ## - FUENTE DE LA CATALOGACIÓN |
| Agencia/entidad que catalogó originalmente la obra |
MUNICIPALIDAD PROVINCIAL DEL CUSCO |
| Entidad que transcribió la catalogación |
BIBLIOTECA MUNICIPAL DEL CUSCO |
| 082 ## - NÚMERO DE LA CLASIFICACIÓN DECIMAL DEWEY |
| No. de Clasificación |
909 / |
| Notacion interna |
M86 / 1908 |
| 100 ## - ENTRADA PRINCIPAL--NOMBRE DE PERSONA |
| Nombre Personal |
Maspero, G. |
| 245 ## - MENCIÓN DE TÍTULO |
| Título |
Novísima historia universal : |
| Resto del título |
Desde los tiempos prehistóricos a 1908 / |
| 260 ## - PUBLICACIÓN, DISTRIBUCIÓN, ETC. |
| Lugar de publicación, distribución, etc. |
Madrid : |
| Nombre de la editorial, distribuidor, etc. |
Española - americana, |
| Fecha de publicación, distribución, etc. |
1908- |
| 300 ## - DESCRIPCIÓN FÍSICA |
| Nº de Páginas Extensión |
504 paginas ; |
| Dimensiones |
26 cm. |
| 505 ## - NOTA DE CONTENIDO CON FORMATO |
| Nota de contenido formateada |
Contenido : Historia antigua de los pueblos de oriente -- Egipto hasta la invasión de los de los pastores -- El asía anterior, antes y durante el tiempo de la dominación egipcia -- El imperio asirio y el mundo oriental hasta el advenimiento de los sargónidas ... |
| 650 ## - PUNTO DE ACCESO ADICIONAL DE MATERIA--TÉRMINO DE MATERIA |
| Descriptor |
Historia |
| 9 (RLIN) |
136 |
| 650 ## - PUNTO DE ACCESO ADICIONAL DE MATERIA--TÉRMINO DE MATERIA |
| Descriptor |
Universal |
| 9 (RLIN) |
18236 |
| 650 ## - PUNTO DE ACCESO ADICIONAL DE MATERIA--TÉRMINO DE MATERIA |
| Descriptor |
Imperios |
| 9 (RLIN) |
27454 |
| 700 ## - PUNTO DE ACCESO ADICIONAL--NOMBRE DE PERSONA |
| Nombre Personal |
Blasco Ibañes, Vicente |
| 9 (RLIN) |
27455 |
| 942 ## - ELEMENTOS DE PUNTO DE ACCESO ADICIONAL (KOHA) |
| Fuente de clasificación |
|
| Tipo de item |
Libros-BMC |
| 945 ## - PROCESAMIENTO DE INFORMACIÓN LOCAL (OCLC) |
| Catalogador |
rah |